Apéndice a las contestaciones... para las oposiciones de agentes de tercera clase del Cuerpo General de Policía / (Record no. 141324)

MARC details
000 -LEADER
campo de control de longitud fija 00757nam a2200193 i 4500
001 - NÚMERO DE CONTROL
campo de control 141324
003 - IDENTIFICADOR DE NÚMERO DE CONTROL
campo de control ES-MaACL
005 - FECHA Y HORA DE LA ÚLTIMA TRANSACCIÓN
campo de control 20230906200254.0
007 - CAMPO FIJO DE DESCRIPCIÓN FÍSICA--INFORMACIÓN GENERAL
campo de control de longitud fija t|
008 - DATOS DE LONGITUD FIJA--INFORMACIÓN GENERAL
campo de control de longitud fija 070921s1947 sp |||| | spa d
080 ## - NÚMERO DE LA CLASIFICACIÓN DECIMAL UNIVERSAL
Número de la Clasificación Decimal Universal 343.123.12(460)(078)
100 1# - ENTRADA PRINCIPAL--NOMBRE DE PERSONA
Nombre de persona Villar y Romero, José María.
9 (RLIN) 115107
245 10 - MENCIÓN DEL TÍTULO
Título Apéndice a las contestaciones... para las oposiciones de agentes de tercera clase del Cuerpo General de Policía /
Mención de responsabilidad, etc. redactado por José María Villar y Romero... y Manuel Suárez Delgado.
260 ## - PUBLICACIÓN, DISTRIBUCIÓN, ETC.
Lugar de publicación, distribución, etc. Madrid :
Nombre del editor, distribuidor, etc. Instituto Editorial Reus,
Fecha de publicación, distribución, etc. 1947.
300 ## - DESCRIPCIÓN FÍSICA
Extensión 46 p. ;
Dimensiones 22 cm.
610 17 - PUNTO DE ACCESO ADICIONAL DE MATERIA--NOMBRE DE ENTIDAD CORPORATIVA
Nombre de entidad corporativa o nombre de jurisdicción como elemento de entrada España.
Unidad subordinada Policía Nacional-
Subdivisión de forma Contestaciones para oposiciones.
9 (RLIN) 3949
700 1# - ENTRADA AGREGADA--NOMBRE PERSONAL
Nombre de persona Suárez Delgado, Manuel.
9 (RLIN) 108613
852 ## - LOCALIZACIÓN
Ubicación ES-MaACL
Número de control de estantería 1867-F-16
Holdings
Estatus retirado Estado de pérdida Estado de daño No para préstamo Colección Biblioteca de origen Biblioteca actual Ubicación en estantería Fecha de adquisición Fuente de adquisición Total de préstamos Signatura topográfica completa Código de barras Visto por última vez Precio de reemplazo Tipo de ítem Koha
        Colección de folletos Biblioteca del Ateneo de Madrid Biblioteca del Ateneo de Madrid Depósito folletos 17/01/2008     1867-F-16 1147050 23/02/2023 23/02/2023 Folleto